| 000 | 01433 a2200253 4500 | ||
|---|---|---|---|
| 003 | OSt | ||
| 005 | 20180116182730.0 | ||
| 008 | 160906b xxu||||| |||| 00| 0 eng d | ||
| 020 | _a0134335333 | ||
| 020 | _a9780134335339 | ||
| 040 | _c0 | ||
| 082 | 0 | 4 | _a658.15 EME 1997 |
| 100 | 1 | _aEmery, Douglas R. | |
| 245 | 1 | 0 |
_aCorporate financial management / _cDouglas R. Emery. |
| 260 |
_aNJ : _bPrentice Hall, _c1997. |
||
| 300 |
_a999 p. ; _c26 cm. _bHB. |
||
| 440 | _aCorporate financial management | ||
| 500 | _aHardcover. | ||
| 520 | _aMBA and intermediate undergraduate-level corporate finance or financial management courses. This book, from the former editors of FMA's Journal of Financial Management, is the first to integrate the major developments made in finance in the last twenty years, such as principal-agent considerations, asymmetric information considerations, and contingent claims analysis. The format parallels that of competitors, but the new material is woven into, and enriches, the traditional presentations. This is also the first corporate finance textbook to truly marry practice with theory, by having a full-time practitioner author. | ||
| 700 | 1 | _aFinnerty, John D. | |
| 856 | 4 | 0 |
_3Amazon.com _uhttp://www.amazon.com/exec/obidos/ASIN/0134335333/chopaconline-20 |
| 856 | 4 | 0 |
_3Amazon customer reviews _uhttp://www.chopac.org/cgi-bin/tools/azrev.pl?q=0134335333 |
| 942 |
_aNBS _cBK _k658.15 EME 1997 _2ddc |
||
| 999 |
_c345023 _d345023 |
||